Understanding state-owned enterprises reforms in China (Record no. 532022)

000 -LEADER
fixed length control field 01065nam a22001337a 4500
008 - FIXED-LENGTH DATA ELEMENTS--GENERAL INFORMATION
fixed length control field 251126b ||||| |||| 00| 0 eng d
100 ## - MAIN ENTRY--PERSONAL NAME
Personal name Mishra, R.K.
245 ## - TITLE STATEMENT
Title Understanding state-owned enterprises reforms in China
260 ## - PUBLICATION, DISTRIBUTION, ETC. (IMPRINT)
Place of publication, distribution, etc Indian Journal of Public Administration
300 ## - PHYSICAL DESCRIPTION
Extent 71(3), Sep, 2025: p.642-649
520 ## - SUMMARY, ETC.
Summary, etc Since the beginning of reforms and opening-up, China has explored the route of state-owned enterprises (SOEs) with changes appropriate to China’s national conditions and Chinese features. One of the main elements of the state’s capitalism reforms is SOE reforms (Yelery, 2021). Even with SOE productivity below ideal levels, China’s rapid economic growth has persisted. The ‘Chinese Puzzle’ of the expansion is explained by SOEs. This study aims to explore China’s reform initiatives concerning SOEs, including their suggested course, efficacy and future goals.- Reproduced

https://journals.sagepub.com/doi/full/10.1177/00195561251369065
773 ## - HOST ITEM ENTRY
Main entry heading Indian Journal of Public Administration
942 ## - ADDED ENTRY ELEMENTS (KOHA)
Item type Articles
Holdings
Withdrawn status Lost status Source of classification or shelving scheme Damaged status Not for loan Permanent location Current location Date acquired Serial Enumeration / chronology Barcode Date last seen Koha item type
          Indian Institute of Public Administration Indian Institute of Public Administration 2025-11-26 71(3), Sep, 2025: p.642-649 AR137661 2025-11-26 Articles

Powered by Koha